000 00354 a2200169 4500
001 188553
020 _a978-85-262-7428-0
040 _cMagnum
100 _aPessôa, Karina Alessandra
240 1 0 _aCiências 7
_lpor
245 1 0 _aCiências 7
300 _a304
362 0 _a2009
440 1 _aScipione
697 _aCIÊNCIAS PURAS
942 _cBK
999 _c188553
_d188553